Property Week supplement (Record no. 77456)

MARC details
000 -LEADER
fixed length control field 01007cab a2200193 4500
001 - CONTROL NUMBER
control field ##L134323
008 - FIXED-LENGTH DATA ELEMENTS--GENERAL INFORMATION
fixed length control field 060726n2006 000 0 eng u
035 ## - SYSTEM CONTROL NUMBER
System control number (Sirsi) u134323
041 0# - LANGUAGE CODE
Language code of text/sound track or separate title eng
100 1# - MAIN ENTRY--PERSONAL NAME
Personal name Eade, Christine
245 00 - TITLE STATEMENT
Title Property Week supplement
Remainder of title out-of-town retail
260 ## - PUBLICATION, DISTRIBUTION, ETC.
Date of publication, distribution, etc. 2006
490 #0 - SERIES STATEMENT
Series statement Property Week
Volume/sequential designation 71(29) 21 July 2006, (16) (LOAN)
520 ## - SUMMARY, ETC.
Summary, etc. Reports on the trend of out-of-town retail parks morphing with in-town shopping centres; local authority crackdowns on planning consent violations by retail warehouse tenants; the latest information from Trevor Wood Associates and Savills on where the retail park development pipeline is headed; research from Verdict that suggests supermarkets will drive recovery in the out-of-town retail sector; and a survey to understand the behaviour of out-of-town shoppers.
590 ## - LOCAL NOTE (RLIN)
Local note IKA010806
651 #4 - SUBJECT ADDED ENTRY--GEOGRAPHIC NAME
Geographic name United Kingdom
Chronological subdivision
690 ## - LOCAL SUBJECT ADDED ENTRY--TOPICAL TERM (OCLC, RLIN)
Topical term or geographic name as entry element PROPERTY-COMMERCIAL PROPERTY-RETAIL PROPERTY-OUT OF TOWN RETAIL PROPERTY
942 ## - ADDED ENTRY ELEMENTS (KOHA)
Suppress in OPAC 0
Holdings
Withdrawn status Lost status Source of classification or shelving scheme Damaged status Not for loan Home library Current library Shelving location Date acquired Total Checkouts Full call number Barcode Date last seen Copy number Price effective from Koha item type
    Dewey Decimal Classification     London London Journal article 26/07/2006   L134323 30071815 06/08/2019 1 06/08/2019 Journal article